000 00595nam a2200229Ia 4500
003 OSt
005 20220928120931.0
006 a|||||r|||| 00| 0
007 ta
008 220927b |||||||| |||| 00| 0 eng d
024 _a91277
037 _cTextual
040 _aSDCL
_cSDCL
_beng
041 _2eng
_aeng
082 _aX610t2, L2
100 _aCulbertson John M
_9451392
245 0 _aMoney and Banking.
260 _aNew Delhi
_bTata McGraw-Hill
_c1972
300 _axii,587p
_ccm.
942 _hX610t2, L2
_cTEXL
_2CC
999 _c765460
_d765460